000 00346nam a22001217a 4500
999 _c3395
_d3395
008 200611b ||||| |||| 00| 0 eng d
100 _92211
_aSubramanian, V.
245 1 0 _aTrim and stability particulars of M. V. Hindship /
260 _aMumbai :
_bBhandarakar Publication ,
_c2010.
300 _a200p.
650 0 _aStability of ships
942 _cBK